Особенности спекания гидроксиапатита твердофазного синтеза с добавками нанодисперсных оксидов; Химия и химическая технология в XXI веке; Т. 1

Detaylı Bibliyografya
Parent link:Химия и химическая технология в XXI веке: материалы XXV Юбилейной Международной научно-практической конференции студентов и молодых ученых имени выдающихся химиков Л.П. Кулёва и Н.М. Кижнера, посвященной 100-летию со дня рождения профессора В.П. Лопатинского, 20-24 мая 2024 г., г. Томск/ Национальный исследовательский Томский политехнический университет.— .— Томск: Изд-во ТПУ, 2024
Т. 1.— 2024.— С. 40-41
Yazar: Балтабаева Н. М.
Diğer Yazarlar: Николаева О. О. (научный руководитель), Шарф А. А., Хабас Т. А. Тамара Андреевна
Özet:Заглавие с экрана
Текстовый файл
Dil:Rusça
Baskı/Yayın Bilgisi: 2024
Konular:
Online Erişim:http://earchive.tpu.ru/handle/11683/83208
Materyal Türü: Elektronik Kitap Bölümü
KOHA link:https://koha.lib.tpu.ru/cgi-bin/koha/opac-detail.pl?biblionumber=677051

MARC

LEADER 00000naa2a2200000 4500
001 677051
005 20250124090953.0
090 |a 677051 
100 |a 20241129d2024 k||y0rusy50 ca 
101 0 |a rus 
102 |a RU 
135 |a drcn ---uucaa 
200 1 |a Особенности спекания гидроксиапатита твердофазного синтеза с добавками нанодисперсных оксидов  |f Н. М. Балтабаева, О. О. Николаева, А. А. Шарф  |g науч. рук. Т. А. Хабас 
300 |a Заглавие с экрана 
320 |a Литература: 1 назв 
336 |a Текстовый файл 
461 1 |0 677027  |9 677027  |t Химия и химическая технология в XXI веке  |o материалы XXV Юбилейной Международной научно-практической конференции студентов и молодых ученых имени выдающихся химиков Л.П. Кулёва и Н.М. Кижнера, посвященной 100-летию со дня рождения профессора В.П. Лопатинского, 20-24 мая 2024 г., г. Томск  |f Национальный исследовательский Томский политехнический университет  |c Томск  |d 2024  |n Изд-во ТПУ 
463 1 |0 677029  |9 677029  |t Т. 1  |d 2024  |v С. 40-41  |u conference_tpu-2024-C27_V1.pdf 
545 1 |a Химия и химическая технология неорганических веществ и материалов 
610 1 |a труды учёных ТПУ 
610 1 |a электронный ресурс 
610 1 |a гидроксиапатит 
610 1 |a диоксид циркония 
610 1 |a оксид алюминия 
610 1 |a спекание 
700 1 |a Балтабаева  |b Н. М.  
701 1 |a Николаева  |b О. О. 
701 1 |a Шарф  |b А. А. 
702 1 |a Хабас  |b Т. А.  |c химик  |c профессор Томского политехнического университета, доктор технических наук  |f 1949-  |g Тамара Андреевна  |4 727 
801 0 |a RU  |b 63413507  |c 20241129  |g RCR 
850 |a 63413507 
856 4 |u http://earchive.tpu.ru/handle/11683/83208  |z http://earchive.tpu.ru/handle/11683/83208 
942 |c CF